01117nab a22002297a 4500999001500000003000400015005001700019008004100036040000700077100003400084245019500118260007200313300001500385500003900400505012000439505008900559650002600648650003400674650002300708773014300731942001300874 c5989d5989OSt20260115182956.0190605e xxu||||| |||| 00| 0 spa d cPJ 96811aBecchi, María Romina 10aPrimacía del principio "igual remuneración por igual tarea" a fin de garantizar la igualdad de trato y evitar discriminaciones injustas. Cuestión de justicia / cMaría Romina Becchi. aCiudad Autónoma de Buenos Aires :bThomson Reuters La Ley,c2022. ap. 103-109 aCita: TR LALEY AR/DOC/3159/2022.  aFallo comentado: CNTrab., sala VI ~ 23/03/2022 ~ Kohler Presas, Eliana Soledad c. Teletech Argentina SA s/ despido. t¿Te interesa el texto completo? Solicitalo al correo: koha@justierradelfuego.gov.ar 091316aDERECHO LABORAL 094044aPERSPECTIVA DE GÉNERO 091318aREMUNERACION0 0271193168dCiudad Autónoma de Buenos Aires : Thomson Reuters La Ley, 1999-2002.tRevista de derecho del trabajo. Nº 6 - Noviembre 2022 2udccANA